Novo guia do Museu do Prado / (Record no. 118414)
[ view plain ]
| 000 -LEADER | |
|---|---|
| campo de control de longitud fija | 00695nam a2200193 4500 |
| 001 - NÚMERO DE CONTROL | |
| campo de control | 118414 |
| 003 - IDENTIFICADOR DE NÚMERO DE CONTROL | |
| campo de control | ES-MaACL |
| 005 - FECHA Y HORA DE LA ÚLTIMA TRANSACCIÓN | |
| campo de control | 20231227175048.0 |
| 007 - CAMPO FIJO DE DESCRIPCIÓN FÍSICA--INFORMACIÓN GENERAL | |
| campo de control de longitud fija | t| |
| 008 - DATOS DE LONGITUD FIJA--INFORMACIÓN GENERAL | |
| campo de control de longitud fija | 070214s1966 sp r ||||1| por d |
| 100 1# - ENTRADA PRINCIPAL--NOMBRE DE PERSONA | |
| Nombre de persona | Paredes Herrera, Ovidio-César. |
| 9 (RLIN) | 89046 |
| 245 10 - MENCIÓN DEL TÍTULO | |
| Título | Novo guia do Museu do Prado / |
| Mención de responsabilidad, etc. | Ovidio-César Paredes Herrera ; prefacio Excmo. Sr. Marqués de Lozoya. |
| 250 ## - MENCION DE EDICION | |
| Mención de edición | Primeira ed. |
| 260 ## - PUBLICACIÓN, DISTRIBUCIÓN, ETC. | |
| Lugar de publicación, distribución, etc. | Madrid : |
| Nombre del editor, distribuidor, etc. | Mayfe, |
| Fecha de publicación, distribución, etc. | 1966. |
| 300 ## - DESCRIPCIÓN FÍSICA | |
| Extensión | 174 p., 96 lám., 24 lám. col. ; |
| Dimensiones | 18 cm + |
| Material acompañante/anejo | 2 grab. pleg. |
| 700 1# - ENTRADA AGREGADA--NOMBRE PERSONAL | |
| Nombre de persona | Lozoya, Juan de Contreras y López de Ayala, |
| Títulos y otros términos asociados al nombre | Marqués de, |
| Fechas asociadas al nombre | 1893-1978 |
| 9 (RLIN) | 129112 |
| 852 ## - LOCALIZACIÓN | |
| Ubicación | ES-MaACL |
| Número de control de estantería | C-51250 |
| Sublocalización o colección | R.71350 |
| Estatus retirado | Estado de pérdida | Estado de daño | No para préstamo | Biblioteca de origen | Biblioteca actual | Ubicación en estantería | Fecha de adquisición | Fuente de adquisición | Total de préstamos | Signatura topográfica completa | Código de barras | Visto por última vez | Precio de reemplazo | Tipo de ítem Koha |
|---|---|---|---|---|---|---|---|---|---|---|---|---|---|---|
| Biblioteca del Ateneo de Madrid | Biblioteca del Ateneo de Madrid | Depósito 2 | 17/01/2008 | C-51250 | 1123446 | 23/02/2023 | 23/02/2023 | Libro impreso |
